000 00534nam a22001817a 4500
005 20251212112751.0
008 251212b |||||||| |||| 00| 0 eng d
020 _a9781119571728
040 _cPK-LaUMT
082 _a610.727
_bDAN-B
100 _aDaniel, Wayne W.
_98395
245 _aBiostatistics :
_ba foundation for analysis in the health sciences /
_cby Wayne W. Daniel and Chad L. Cross
260 _aMilton :
_bWiley,
_c2019
300 _a695 p.
650 _aBiostatistics
_98396
650 _aBiometry
_98397
942 _cBK
999 _c139365
_d139365